Prospects and problems of reindustrialization in Russia
Výskum makroekonomických scenárov o obnovení a reštrukturalizácie hospodárstva, rozdelenie rozpočtu, prístupy k formulácii etáp reštrukturalizácie ruskej ekonomiky.
Salvato in:
| Autore principale: | |
|---|---|
| Natura: | Capitolo di libro |
| Lingua: | inglese |
| Soggetti: | |
| Tags: |
Nessun Tag, puoi essere il primo ad aggiungerne!!
|
MARC
| LEADER | 00000nla a2200000 4500 | ||
|---|---|---|---|
| 001 | 0237937 | ||
| 005 | 20240417075129.8 | ||
| 041 | 0 | |a eng | |
| 044 | |a SK | ||
| 245 | 1 | 0 | |a Prospects and problems of reindustrialization in Russia |c Vasily Chekmarev |
| 520 | |a Výskum makroekonomických scenárov o obnovení a reštrukturalizácie hospodárstva, rozdelenie rozpočtu, prístupy k formulácii etáp reštrukturalizácie ruskej ekonomiky. | ||
| 610 | 2 | 0 | |a reštrukturalizácia |
| 610 | 2 | 0 | |a Rusko |
| 610 | 2 | 0 | |a kríza hospodárska |
| 610 | 2 | 0 | |a ukazovatele makroekonomické |
| 100 | 1 | |a Chekmarev, Vasily | |